000 00313nam a2200133 a 4500
005 20140414093834.0
008 030610s19uu xx 00 eng d
050 _aCDR 909
_bE16 1996
245 _aThe 1848 revolution.
650 _aWorld history.
650 _aRevolutions.
942 _cAVM
999 _c108914
_d108914